00415cam a2200157ua 4500001000500000005001700005008003900022040000900061082001300070100002600083245005000109250000900159260004400168300001700212700002800229537920260515113855.0120901n ii |||gr||||Z||||||eng cMAIN a808.8387 aMoon, A. R.,eEditor,10aCall to adventure an anthologycby A. R. Moon a2nd. aDelhi:bOxford university press,c1984. a224p:c15cm. aEdmundson, J.,eEditor,